00668nam a22002057a 450000500170000001000150001702000270003203500130005903700130007208200110008510000240009624501050012025000270022526000320025227000860028430000270037050000200039770000270041770000180044420150807112818.0 aENG-113179 c1195.00a9788180386442 aEN-96711 bDBAD/PUB a347.91 aRamanatha Aiyer, P. aCross examination : cby P.Ramanatha Aiyer [and] N.S. Ranganatha Aiyerbprinciples and precedents /  a4th ed by M.R. Mallick bLexisNexis c2011aGurgaon  bGurgaon e122002a14th Floor, Building NO.10, Tower-B, DLF Cyber City, Phase-II,  alxxii,1085p.c25cm(Hb) aIncludes index  aRanganatha Aiyer, N.S. aMallick, M.R.